Campeones de la Premier League - ¡Muerte súbita! - Estadísticas

Estadísticas generales
  • Esta prueba ha sido intentada 4.182 veces
  • La puntuación promedio es 4 de 7
Answers on the Grid
Answers color-coded by a green-red scale on the quiz's grid according to % correct below.
Arsenal
Aston Villa
Blackburn Rovers
Bournemouth
Brentford
Brighton & Hove Albion
Burnley
Chelsea
Coventry City
Crystal Palace
Fulham
Hull City
Ipswich Town
Leeds United
Leicester City
Everton
Liverpool
Luton Town
Manchester City
Manchester United
Middlesbrough
Newcastle United
Norwich City
Nottingham Forest
Sheffield United
Southampton
Tottenham Hotspur
West Bromwich Albion
West Ham United
Wolverhampton Wanderers
 
Estadísticas de respuestas
Respuesta % Correcto
Liverpool
73%
Manchester City
71%
Manchester United
71%
Arsenal
68%
Chelsea
68%
Leicester City
60%
Blackburn Rovers
25%
No se encontraron pruebas coincidentes
Distribución de puntuación
Porcentaje de gente con cada puntuación
Porcentaje por número respondido
Historial de tus puntuaciones
No has intentado esta prueba.